| 000 | 00982nam a22002057a 4500 | ||
|---|---|---|---|
| 999 |
_c7459 _d7459 |
||
| 003 | AR-CdUCM | ||
| 008 | 190320b ||||| |||| 00| 0 spa d | ||
| 040 |
_aMUNICIPALIDAD PROVINCIAL DEL CUSCO _cBIBLIOTECA MUNICIPAL DEL CUSCO |
||
| 082 |
_a658.592 / _bG28 |
||
| 100 |
_aGatica Rodriguez, Edmundo _921039 |
||
| 245 | _aComo iniciar, ampliar y financiar microempresas / | ||
| 260 |
_aPerú : _bEdmundo Gatica Rodriguez , _c2001. |
||
| 300 |
_a220 páginas ; _c20 cm. |
||
| 505 | _aContenido : Gestión Microempresarial -- Como elaborar estudios de factibilidad para iniciar y ampliar una microempresa -- Como ampliar legalmente una microempresa -- Los Microcreditos individuales : Una buena alternativa para financiar microempresas -- Riesgos Crediticios que se puede evitar -- El pago oportuno y formas para medir la cartera... | ||
| 650 |
_aMicroempresa _921040 |
||
| 650 |
_aEconomía y Finanzas _921041 |
||
| 650 |
_aMicroeconomia _97851 |
||
| 942 |
_2ddc _cLIBROS |
||
| 945 | _artm | ||